000 00580nam a22001817a 4500
005 20251127180323.0
008 251124b |||||||| |||| 00| 0 eng d
020 _a978-93-91208-50-9
041 _aeng
082 _a615.3 OJH-P
100 _aOJHA, DR. ABHIJEET AND MEHTA, MRS. REKHA. CHANDRA, MR. NAVIN AND PANT, DR. BHAVNA
_98799
245 _aPHARMACEUTICS MANUAL: FOR DIPLOMA IN PHARMACY STUDENTS 1ST YEAR
250 _aRE. PRINT ED. 2025
260 _aNEW DELHI
_bINNOVATIVE PUBLICATIONS PVT LTD
_c2025
300 _a195;P
650 _aPHARMACY
_xD.PHARMA
942 _cBK
999 _c8976
_d8974